1815 1651 1191 1881 1094 1197 1461 1978 1581 1981 1714 1144 1661 1213 1023 1183 1852 1536 1813 1551 1855 1150 1719 1091 1456 1696 1027 1774 1461 1308 1927 1322 1325 1823 1274 1045 1123 1444 1323 1140 1608 1949 1678 1323 1709 1623 1123 1415 1802 1586 1612 1204 1829 1576 1183 1931 1553 1425 1602 1369 1380 1947 1936 1952 1600 1813 1169 1947 1665 1149 1239 1639 1959 1023 1813 1872 1384 1696 1180 1057 1184 1992 1887 1352 1461 1400 1581 1493 1102 1099 1908 1108 1789 1612 1452 1749 1539 1991 1679 BCNSPRNW ULIB Ver.6.0+V

เปลี่ยนเป็นภาษาไทย

Change to English
 แสดงรายละเอียดบรรณานุกรม
  กลับหน้าหลัก

Brief Record : Get Marc (ISO 2709) : E-mail record : QR code < ปิดหน้าต่าง
LEADER : 00000nam 2200000uu 4500
001    13399114612
003     ULIB
008    120424s2546||||th 000 0 tha d
020    ^a9743227083
090    ^aนว^bก253ร 2546
100 1  ^aJemima J
245 10 ^aรักของฉันพร่องมันเนย =^bJemima J. /^cของ Jane Green
246 31 ^aJemima J.
260    ^aกรุงเทพฯ :^bมติชน,^c2546
300    ^a421 หน้า ;^c22 ซม.
440  0 ^aชุดวรรณกรรมแปล
500    ^aSend to Single Search
650  4 ^aนวนิยาย
700 0  ^aมณฑารัตน์ ทรงเผ่า,^eผู้แปล
945    ^p240^l0^i17046
999 ^a ใช้งานได้ทุกระบบ
รายการนี้ยังไม่มีแท็ก
คุณยังไม่ได้ล็อกอิน คุณสามารถมีกิจกรรมร่วมกับเว็บไซต์ได้ แต่ต้องล็อกอินก่อน ::
  ล็อกอิน

รายการสื่อสารสนเทศ

ลำดับที่ ประเภท เลขเรียก/บาร์โค้ด สถานที่ สถานะ
1. นวนิยาย
นวนิยาย
นว ก253ร 2546  
  Barcode: 17046
ห้องสมุดวิทยาเขตสวรรค์ประชารักษ์
►นวนิยาย
บนชั้น
  ขอยืม

รายการใกล้เคียง
    หัวเรื่อง [นวนิยาย]

BibComment


ยังไม่เคยถูกคอมเมนท์

คอมเมนท์ทรัพยากรรายการนี้
  คอมเมนท์: รักของฉันพร่องมั..


 Copyright 2026. Bcnsprnw @Library